000 01105cam a2200313 i 4500
001 18192999
005 20161117170959.0
008 140619s2015 nyua 001 0 eng
010 _a 2014022581
020 _a978-0-0780-2409-2 (alk. paper)
040 _aDLC
_beng
_cDLC
_erda
_dDLC
042 _apcc
050 0 0 _aHD39.5
_b.L43 2015
082 0 0 _aDC 658.7
_22015
_bJ63
100 1 _aJohnson, P. Fraser.
245 1 0 _aPurchasing and supply management /
_cP. Fraser Johnson, PhD, Anna E. Flynn, PhD.
250 _aFifteenth edition.
260 _aNew York:
_bMcGraw-Hill Education,
_cc2015.
300 _axvi, 544 pages :
_billustrations ;
_c24 cm.
490 0 _aThe McGraw-Hill/Irwin series operations and decision sciences
500 _aIncludes index.
650 0 _aIndustrial procurement.
650 0 _aMaterials management.
700 1 _aFlynn, Anna E.
365 _b4,440.42
_cPhp
906 _a7
_bcbc
_corignew
_d1
_eecip
_f20
_gy-gencatlg
942 _2ddc
_cDC
999 _c5747
_d5747